| 000 | 01678nam a22002537a 4500 | ||
|---|---|---|---|
| 005 | 20210927041346.0 | ||
| 008 | 210927b ||||| |||| 00| 0 eng d | ||
| 020 | _a0713993588 | ||
| 040 | _cAL | ||
| 041 | _aeng | ||
| 082 |
_223 _a327.1247 _bANDM |
||
| 100 |
_aChristopher Andrew; Vasili Mitrokhin _9350 |
||
| 245 |
_aMitrokhin Archive _bThe KGB in Europe and the west |
||
| 260 |
_aLondon _bThe Penguin Press _c1999 |
||
| 300 |
_axx,995 p. _bHB _c24.5x16.5 cm. |
||
| 365 |
_b45.00 _c$ _d45.00 _f2013/03/24 |
||
| 500 | _aPolitical Science | ||
| 520 |
_aFor years KGB operative Vasili Mitrokhin risked his life hiding top-secret material from Russian secret service archives beneath his family dacha. When he was exfiltrated to the West he took with him what the FBI called 'the most complete and extensive intelligence ever received from any source'. This extraordinary bestselling book is the result.
'Co-authored in a brilliant partnership by Christopher Andrew and the renegade Soviet archivist himself ... This is a truly global exposé of major KGB penetrations throughout the Western world' The Times
'This tale of malevolent spymasters, intricate tradecraft and cold-eyed betrayal reads like a cold war novel' Time
'Sensational ... the most informed and detailed study of Soviet subversive intrigues worldwide' Spectator
'The most comprehensive addition to the subject ever published' Sunday Telegraph _uhttps://pdfcoffee.com/mitrokhin-archive-india-chapters-pdf-free.html |
||
| 650 |
_aDiplomatic Relation _9351 |
||
| 651 |
_aSoviet Union _9352 |
||
| 651 |
_aRussia _9353 |
||
| 700 |
_aANDREW (Christopher); MITROKHIN (Vasili) _9354 |
||
| 942 |
_2ddc _cGF |
||
| 999 |
_c216388 _d216388 |
||